000 00310nam a2200121Ia 4500
008 231129s1936||||xx |||||||||||||| ||spa||
082 _aOEM- 1711
100 _aGreene Graham
245 0 _aEl billete de loterí­a
260 _c1936
264 _aBarcelona España Gráficas Guada 196?
942 _2ddc
_cBKS
999 _c10368
_d10368